ARRUPE JESUIT UNIVERSITY

CORONAVIRUS -STOP THE SPREAD - CLEAN,DISINFECT,COVER

The Penguin new writing in India / (Record no. 118747)

MARC details
000 -LEADER
fixed length control field 01006cam a2200289 a 4500
001 - CONTROL NUMBER
control field 3530143
003 - CONTROL NUMBER IDENTIFIER
control field ARRUPE
005 - DATE AND TIME OF LATEST TRANSACTION
control field 20131126174255.0
008 - FIXED-LENGTH DATA ELEMENTS--GENERAL INFORMATION
fixed length control field 960223s1995 enk 000 0 eng
010 ## - LIBRARY OF CONGRESS CONTROL NUMBER
LC control number 96118266
020 ## - INTERNATIONAL STANDARD BOOK NUMBER
International Standard Book Number 0140233407
040 ## - CATALOGING SOURCE
Original cataloging agency DLC
Transcribing agency DLC
Modifying agency DLC
050 00 - LIBRARY OF CONGRESS CALL NUMBER
Classification number PR9494.4
Item number .P46 1995
082 00 - DEWEY DECIMAL CLASSIFICATION NUMBER
Classification number 820.8/0954
Edition number 20
300 ## - PHYSICAL DESCRIPTION
Dimensions 20 cm.
100 ## - MAIN ENTRY--PERSONAL NAME
Personal name Behl, Aditya
9 (RLIN) 4095
245 04 - TITLE STATEMENT
Title The Penguin new writing in India /
Statement of responsibility, etc edited by Aditya Behl and David Nicholls.
260 ## - PUBLICATION, DISTRIBUTION, ETC. (IMPRINT)
Place of publication, distribution, etc London ;
-- New York :
Name of publisher, distributor, etc Penguin Books,
Date of publication, distribution, etc 1995.
300 ## - PHYSICAL DESCRIPTION
Extent 246 p. ;
650 #0 - SUBJECT ADDED ENTRY--TOPICAL TERM
Topical term or geographic name as entry element Indic literature (English)
Chronological subdivision 20th century.
9 (RLIN) 4096
650 #0 - SUBJECT ADDED ENTRY--TOPICAL TERM
Topical term or geographic name as entry element Indic literature
General subdivision Translations into English.
9 (RLIN) 4097
651 #0 - SUBJECT ADDED ENTRY--GEOGRAPHIC NAME
Geographic name India
General subdivision Literary collections.
9 (RLIN) 4098
700 1# - ADDED ENTRY--PERSONAL NAME
Personal name Behl, Aditya,
Dates associated with a name 1966-2009.
9 (RLIN) 4099
700 1# - ADDED ENTRY--PERSONAL NAME
Personal name Nicholls, David,
Dates associated with a name 1965-
9 (RLIN) 4100
906 ## - LOCAL DATA ELEMENT F, LDF (RLIN)
a 7
b cbc
c orignew
d 2
e ncip
f 19
g y-gencatlg
942 ## - ADDED ENTRY ELEMENTS (KOHA)
Source of classification or shelving scheme Library of Congress Classification
Koha item type Monograph ( Printed materials)
Holdings
Withdrawn status Lost status Source of classification or shelving scheme Damaged status Not for loan Collection code Home library Current library Shelving location Date acquired Total Checkouts Full call number Barcode Date last seen Price effective from Koha item type
    Library of Congress Classification     Main Collection ARRUPE LIBRARY ARRUPE LIBRARY Main Collection 26/11/2013   PR9494.4 .P46 1995 46410395 26/11/2013 26/11/2013 Monograph ( Printed materials)

 

Arrupe Library. PO Box MP320 Mt Pleasant, Harare, Zimbabwe
263 242 745411|librarian@aju.ac.zw